000 01087nam a22002897a 4500
001 5281
003 FISKH
005 20241122141144.0
008 241122b cb ||||| |||| 00| 0 eng d
020 _a090129003990
040 _aFISKH
_beng
_cFISKH
_dFISKH
050 _aPQ2228
082 _a843.7
100 _aDumas, Alexandre
245 _aThe Three Musketeers /
_cby Alexandre Dumas : Adapted by Deborah Felder
260 _aNew York :
_bRandom House ;
_c1994 .
300 _a107 pages :
_billustrations ;
_c20 cm .
505 _aZ
520 _aThe Three Musketeers follows the young d'Artagnan in his quest to become a musketeer. He befriends the three musketeers Athos, Porthos and Aramis, whose motto is "all for one, one for all." The novel is the first in Dumas' d'Artagnan Romances trilogy.
521 8 _a990
_bLexile
521 8 _aZ
_bRaz-Plus
650 _aFrance-History-Louis XIII
_vJuvenile fiction
650 _aAdventures and adventures
_vFiction
700 _aAllen, Philip Schuyler
_etranslator
942 _2ddc
_cBK
_n0
999 _c5281
_d5281